[Event "1. FS-BL, 2001-03"]
[Site "?"]
[Date "????.??.??"]
[Round "?"]
[White "Arnold, Lothar"]
[Black "FS-SM Firnhaber, Ingo"]
[Result "0-1"]
[WhiteElo "2389"]
[BlackElo "2184"]
[PlyCount "70"]

1. e4 e5 2. Nf3 Nc6 3. d4 exd4 4. Nxd4 Bc5 5. Be3 Qf6 6. c3 Nge7 7. Bc4 Ne5 8.
Be2 Qg6 9. O-O d6 10. Kh1 {Eine viel gespielte Alternative ist nun der sichere
Zug 10....0-0. Danach stehen Weiss mehrere gute Fortsetzungen zur Verfuegung,
mit denen er ein insgesamt besseres Ergebnis erzielt als nach dem schaerferen
Textzug} Qxe4 11. Nd2 Qg6 12. Nb5 O-O 13. Nxc7 Rb8 14. Bf4 Bd7 {In der Partie
Lautier - van der Sterren, Amsterdam 1994, in der erstmals 10... .Dxe4 geschah,
spielte Schwarz 14....Lf5 mit Remis im 33. Zug.} 15. Nb3 Bc6 16. Bg3 Bb6 17.
Nb5 {Bei meinen Analysen waehrend der laufenden Partie war ich immer wieder
bei dieser mehrfach gespielten Stellung haengen geblieben, denn sie gefiel mir
ausgesprochen gut: mehrere weisse Figuren stehen funktionslos am Damenfluegel,
das schwarze Laeuferpaar strahlt in Richtung Koenigsfluegel und Schwarz
muesste eigentlich schon zu einem Koenigsangriff ansetzen koennen. Die
befragten Schachprogramme waren hier allerdings von keinerlei Hilfe, alle
analysierten hauptsaechlich 17... Sf5 und die weiteren Analysen liefen dann in
Richtung der Partie Wolf - Busemann, was fuer mich unbefriedigend war. Erst
als ich mich in Gedanken von 17...Sf5 trennte mit der Idee, d6 moeglicherweise
preiszugeben, kam die Eingebung: der Vorstoss f5 musste es sein. Die
Ueberpruefung allerdings dauerte laenger als eine Woche, denn Weiss hat ja
etliche Zuege zur Verfuegung mit nicht unerheblichem Risiko fuer Schwarz.
Letztlich schaetzte ich die Neuerung als sehr chancenreich fuer Schwarz ein
und hoffte schon insgeheim, die Partie zu gewinnen, allerdings mit etwas Angst
im Hinterkopf wegen des nicht ganz auszuschliessenden Restrisikos.} f5 $3 $146
{Diagramm #} (17... Nf5 18. N3d4 (18. a4 {
Bergmann - Uhlig, Email 2000, 1/2 (53).}) 18... Nxg3+ 19. fxg3 Be4 20. Bh5 Qh6
21. Bf3 Nxf3 (21... d5 22. Bxe4 dxe4 23. Qe2 e3 24. Nf5 Qe6 25. Nbd4 Bxd4 26.
Nxd4 Qb6 27. Qxe3 Rbe8 28. Qf2 g6 29. h3 Nd3 30. Qf3 Nc5 31. b3 Ne4 32. Rad1
Qc7 33. Rd3 f5 34. Qf4 Qb6 35. c4 g5 36. Qc1 Qa5 37. Kh2 Qe5 38. Rff3 h5 $2 39.
Nxf5 $1 h4 40. Rd5 Qc7 41. Qe3 Rf6 42. Kg1 hxg3 43. Nxg3 {
1-0 Van Wely -Piket, Monaco 1997.}) 22. gxf3 Bc6 23. Nxc6 bxc6 24. Nxd6 Rfd8
25. Nf5 Qg5 26. Qc2 g6 27. Nd4 Bxd4 28. cxd4 Rxd4 29. Rf2 Qd5 30. Re1 Qxa2 31.
Qxc6 Qd5 32. Qxd5 {1/2-1/2 Wolf - Busemann,D/1.BL.}) (17... Rbd8 18. N3d4 Nf5
19. Nxf5 Qxf5 20. Nd4 Bxd4 21. cxd4 Ng6 22. d5 Qxd5 23. Qxd5 Bxd5 24. Rfd1 Bc6
{1/2-1/2 Scheuermann - Dijksman 1999.}) 18. f4 $6 (18. f3 Nd5 19. Qd2 Ne3 20.
Qxd6 Qxd6 21. Nxd6 f4 $17) (18. Bh5 Qf6 19. Qxd6 Qxd6 20. Nxd6 f4 21. Bh4 N7g6
$19) (18. Qxd6 Qxd6 19. Nxd6 f4 $19) 18... Nd5 $1 {
Schwarz kann es sich schon leisten, eine Figur ins Geschaeft zu stecken.} 19.
fxe5 (19. N3d4 Ne3 20. Nxc6 bxc6 21. Qxd6 Rbd8 22. Qxg6 Nxg6 23. Na3 Nxf1 24.
Rxf1 $17) 19... Ne3 20. Qxd6 Bxg2+ 21. Kg1 Nc4+ {Dieses Abzugsschach gewinnt
die Dame und die Partie. Der Rest ist leicht verstaendlich.} 22. Kxg2 Nxd6 23.
Nxd6 f4 24. Nd4 (24. Bc4+ Kh8 25. Bf7 Qc2+ 26. Bf2 f3+ $19) 24... fxg3 25. hxg3
Bxd4 26. Bc4+ Kh8 27. cxd4 Qc2+ 28. Kh3 g6 29. e6 Rf2 30. Rxf2 Qxf2 31. d5 Qc5
32. Nf7+ Kg7 33. Bb3 a5 34. Rd1 b5 35. Ne5 a4 {Der Qualitaetsgewinn mittels 36.
Sd7 wird beantwortet mit Df2. Diese Partie zeigt sehr schoen, dass trotz
dicker Datenbanken und starker Schachprogramme im Fernschach immer noch
Ueberraschungen in der Eroeffnung zu finden sind , die den Partien ploetzlich
eine ganz andere Richtung geben.} 0-1

[Event "LF-1/1 OS-Lübbecke"]
[Site "MyTown"]
[Date "2007.03.30"]
[Round "?"]
[White "Firnhaber, Ingo"]
[Black "Windhorst, Werner"]
[Result "1-0"]
[WhiteElo "2303"]
[BlackElo "2317"]
[PlyCount "145"]

1. e4 e5 2. Nf3 Nc6 3. d4 {Diese Eröffnungswahl spricht Bände. In den meisten
meiner bisherigen Partien habe ich  den klassischen Spanier bevorzugt, nur
gelegentlich, wenn die Gangart verschärft werden sollte, habe ich zur
Schottischen Partie gegriffen, angeregt durch meinen Mannschaftskameraden
Henner Repp, der ein exzellenter Kenner dieser Eröffnung ist.  Werner
Windhorst und ich sind zwar seit der letzten Saison Freunde geworden,
vergessen war aber nicht, dass Lübbecke den amtierenden Meister Osnabrück
knapp entthront hatte und es von Anfang an klar war, dass diese Partie wichtig
werden könnte   für die Platzierung am Ende der Saison.} exd4 4. Nxd4 Bc5 5.
Be3 Qf6 6. c3 Nge7 7. Bc4 Ne5 8. Be2 d5 9. O-O O-O 10. f4 N5c6 11. e5 Qh4 12.
Qd2 Rd8 13. a4 $146 {Diagramm #In einer Internetpartie aus dem Jahre 2002
geschah 13. f5, was aber nicht überzeugend war.} Bg4 14. Bd3 a6 15. Nxc6 Bxe3+
16. Qxe3 Nxc6 17. h3 Be6 18. f5 Bd7 19. Nd2 {Obwohl die meisten
Schachprogramme diese Stellung für vollkommen ausgeglichen halten,  war ich
überzeugt, deutlich besser zu stehen  dank der vorgerückten Bauern und des
deutlichen Raumvorteils.} d4 20. Qe2 dxc3 21. bxc3 Qh6 22. Nf3 Re8 23. Rae1 g6
$2 {Meines Erachtens ist dies bereits der alles entscheidende Fehler, denn
bevor Weiß auf g6 zugreift, kann er sich einen Abstecher zum Damenflügel
leisten, der dem Schwarzen nur eine scheinbare Aktivierung der Türme erlaubt.}
24. Qb2 gxf5 25. Qxb7 Ra7 26. Qb1 Rb8 27. Qc2 Rab7 28. Bxf5 Rb2 29. Qe4 Bxf5
30. Qxf5 Qg6 31. Nh4 Qxf5 32. Nxf5 {
Jetzt sehen auch die Schachprogramme endlich klaren Vorteil für Weiß.} Nd8 33.
Rd1 Re2 34. Rd7 Kf8 35. Kh2 Rxe5 36. Rxc7 Re6 37. Rd7 Rf6 38. Rb1 Ra8 {
Der Turm b1 ist natürlich tabu.} 39. Nd6 Ne6 40. Rbb7 Nd8 41. Rbc7 Kg8 42. Ra7
$1 {Diagramm # Was für eine Traumstellung! Bei einem Mehrbauern hat Weiß beide
Türme auf der siebenten Reihe, doch wie geht es weiter?  Wie in der Partie
gegen Dr. Kribben kam hier der Vorschlag von einem Mitspieler, das Material
konsequent zu reduzieren, da das entstehende Turmendspiel mit einem Mehrbauern
klar gewonnen ist. Der Rest der Patie ist ohne ausführliche Kommentare leicht
verständlich.  Dass Schwarz noch eine ganze Weile auf verlorenem Posten kämpft,
hängt damit zusammen, dass Osnabrück mit diesem Sieg  der Meistertitel nicht
mehr zu nehmen wäre und der amtierende Meister Lübbecke seine Träume von einem
Platz ganz oben auf dem Treppchen begraben müsste.} Rxa7 43. Rxd8+ Kg7 44. Ne8+
Kg6 45. Nxf6 Kxf6 46. Rc8 Ke5 47. g4 Kd6 48. Kg3 Rb7 49. Ra8 Rb6 50. Ra7 Ke6
51. Rc7 a5 52. Kh4 Kf6 53. Kh5 Kg7 54. h4 Rh6+ 55. Kg5 Rf6 56. Rc5 h6+ 57. Kh5
Rf4 58. Rxa5 Rc4 59. g5 hxg5 60. Kxg5 Rxc3 61. Rb5 Rg3+ 62. Kf4 Ra3 63. a5 Ra4+
64. Kg5 Ra1 65. h5 {Weiß hat nun seine beiden Fraubauern optimal platziert,
beide sind gedeckt vom Turm und der weiße König kann in Richtung Damenflügel
zur Unterstützung des a-Bauern marschieren, ohne dass Schwarz seinen
Freibauern vorstoßen kann.} Rg1+ 66. Kf5 Rd1 67. Ke4 Kh6 68. Rf5 Kg7 69. Rd5 {
Eine Brücke für den König.} Rc1 70. Kd4 Kh6 71. Rf5 Kg7 72. Rc5 {
Und noch eine Brücke.} Rf1 73. Rc6 {Angesichts der vorgeschlagenen Folge Td1+ 
74. Kc5 f5 75. Tg6+Kh7 76. Tf6 Ta1 77. Kb6 Tb1+ 78. Kc7 Tc1+ 79. Kd6 Tf1 80.
Ke5 f4 81.Txf4 gab Schwarz auf, denn die Befragung der Endspieldatenbank mit 6
Steinen zeigte das Matt schon an.} 1-0

[Event "LF-1/3  OS - Münster 32"]
[Site "?"]
[Date "2006.11.11"]
[Round "?"]
[White "Repp, Henner"]
[Black "Schütze, Manfred"]
[Result "1-0"]
[WhiteElo "2279"]
[BlackElo "2285"]
[PlyCount "111"]
[EventDate "2001.??.??"]

1. e4 e5 2. Nf3 Nc6 3. d4 exd4 4. Nxd4 Nf6 5. Nxc6 bxc6 6. e5 Qe7 7. Qe2 Nd5 8.
c4 Nb6 9. Nc3 d5 10. exd6 cxd6 {Zu diesem Zeitpunkt wusste ich natürlich noch
nicht, dass in der 1. FS-Bundesliga  die Remisquote in dieser Saison einen
neuen Rekordwert erreichen wird. Aber in dieser Partie hing das "Remisgespenst
bereits nach 10 Zügen in  der Luft. Diese Stellung ist bereits häufiger
gespielt worden, nach dem bekannten 11. Lg5 ist der Friedensschluss fast
sicher vorprogrammiert. Also entschloss ich mich zu dem einzigen Zug, bei dem
die Damen auf dem Brett bleiben.} 11. Be3 Be6 12. Qc2 Qc7 13. Bf4 Rd8 {
Diagramm # Jetzt hat Weiß zwar große Auswahl, einige Zugmöglichkeiten sehen
auch interessant aus, in meinen Analysen verflachte die erhoffte weiße
Initiative aber stets. Deshalb entschied ich mich zu einer Fortsetzung, die
zunächst übereilt erscheint, aber vermutlich als einzige leichten Druck für
Weiß sichert.} 14. c5 Nd7 15. Be2 Qb8 16. O-O {Nicht viel, die Stellung
erscheint noch immer in etwa ausgeglichen, aber weiß hat mit der Rochade
seinen Eröffnungsaufbau abgeschlossen und kann den Druck jetzt leicht erhöhen.}
Nxc5 17. Bf3 Rc8 18. Ne4 (18. Rfe1 Be7 19. Ne4 Nxe4 20. Bxe4 Qb4 21. Bxc6+ Kf8
{War eine Alternative, aber die Stellung mit dem schwarzen König auf d8 gefiel
mir etwas besser.}) 18... Nxe4 19. Bxe4 Qb4 {Schwarz gibt den Mehrbauern
bereits jetzt zurück. Sein Ziel, Stellungsvereinfachung und damit Hoffnung auf
eine Punkteteilung in einem zumindest nicht hoffnungslosen Endspiel. Auf Dauer
war der Bauer ohnehin nicht zu halten, Weiß hätte seinen Druck aber zunächst
weiter verstärken können.  Jetzt ist die Abwicklung auch für Weiß nicht zu
umgehen.} 20. Bxc6+ Kd8 21. Be3 $1 (21. Qe4 Qxe4 22. Bxe4 Kd7 {Auch das wäre
für Schwarz kein Vergnügen, einen nachhaltigen Vorteil für Weiß konnte ich
jedoch nicht erarbeiten.}) 21... Qc4 {Damit erzwingt Schwarz den Übergang in
das Endspiel, welches ihm vermutlich als haltbar vorschwebte.} 22. Qxc4 Bxc4
23. Bb7 Bxf1 (23... Rb8 24. Rfc1 Be6 (24... d5 25. Bxd5 Bxd5 26. Rd1 Rb5 27. a4
Ra5 28. Bd2 Ra6 29. Bg5+ $14) 25. Bf3 Rxb2 26. a4 $14 {
Der schwarze a-Bauer ist schwach und dann wird der weiße Antipode zum Renner.})
24. Bxc8 Kxc8 (24... Bxg2 25. Rc1 Bd5 26. a4 Be7 27. Bxa7 Bg5 28. Bb6+ Ke7 29.
Rc7+ $14) 25. Kxf1 a6 {Diagramm # Das ist die Ausgangsstellung für die
Bewertung des Endspiels. Schwarz muss bald einen Bauern opfern, erhält dafür
aber einen aktiven Turm oder er muss sich mit einem Doppelbauern abfinden. In
beiden Abspielen hat Weiß Vorteil, aber leicht ist es nicht.} 26. Rc1+ Kd7 27.
Bb6 Be7 28. Rc7+ Ke6 29. Bd4 Bf6 30. Bxf6 Kxf6 (30... gxf6 31. b3 Ra8 32. Rc4
$14 {Turmendspiele unterliegen ja ihren eigenen Gesetzen. Die schwarzen Bauern
sind in 4 Untereinheiten zerspliitert, dabei ein Doppelbauer und der weiße
Turm nimmt eine aktive Rolle wahr. In jedem Fall Vorteil für Weiß. Deshalb hat
Schwarz vermutlich zu recht die Alternative gewählt.}) 31. Rc6 Ke6 32. Rxa6 Rb8
$1 {(Nur dieser Zug bereitet Weiß Probleme im Gewinnsinne, weil nun die
Deckung der beiden weißen Freibauern verbunden mit aktivem Spiel nicht einfach
ist.} 33. b3 Rc8 {Jetzt, nachdem b2-b3 erzwungen ist, besetzt der schwarze
Turm die c-Linie und nimmt eine aktive Stellung ein.} 34. b4 {34. g3 gefiel
mir wenigere gut. Erstens läuft ein solcher Zug nicht weg und zweitens
erleichtert er an dieser Stelle eher die schwarze Verteidigung, weil die
Bauern am Königsflügel schneller zum Abtausch gezwungen werden können.} Rc1+
35. Ke2 Rc2+ 36. Ke3 Rb2 37. a3 {Diagramm # Das ist die Ausgangsstellung für
das Turmendspiel, welches bei der Abwicklung im Raume stand. Weiß hat einen
Mehrbauern, ein verbundenes Freibauernpaar, Schwarz einen bestens plazierten
Turm und den etwas aktiveren König. Ich hatte zwar einige Ideen, die
Perspektiven boten, aber bis zum Gewinn, das wäre noch ein steiniger Weg.} Rb3+
$2 {Dieser Zug verliert sofort, weil der weiße König nun á-tempo seine beiden
Freibauern unterstützen kann. Notwendig war ein Königs- oder Bauernzug, um
abzuwarten, welcher Plan von Weiß kommt.} 38. Kd4 $1 {
Der Rest ist Technik und bedarf keiner Erläuterung mehr.} Rb2 39. Ra7 Rxf2 40.
b5 Rb2 41. a4 h5 42. Kc3 Rb1 43. Rb7 Rc1+ 44. Kb2 Rg1 45. a5 Rxg2+ 46. Kb3 Rxh2
47. a6 Rh3+ 48. Kb4 Rh4+ 49. Ka5 Rh1 50. a7 Ra1+ 51. Kb6 g5 52. Rb8 h4 53. a8=Q
Rxa8 54. Rxa8 g4 55. Kc6 g3 56. b6 {Das Matt ist nicht mehr fern. Der Turm
kontrolliert zunächst den schnellsten schwarzen Bauern und dann geht der
b-Bauer zur Dame.} 1-0

[Event "LF-1/1 Spandau-OS"]
[Site "MyTown"]
[Date "2006.12.13"]
[Round "?"]
[White "Dr. Kribben, Matthias"]
[Black "Firnhaber, Ingo"]
[Result "1/2-1/2"]
[WhiteElo "2291"]
[BlackElo "2303"]
[PlyCount "100"]

1. e4 e5 2. Nf3 Nc6 3. Bb5 a6 4. Bxc6 dxc6 5. O-O Qd6 6. Na3 b5 7. c3 c5 8. Nc2
Bb7 9. Re1 Rd8 10. a4 Be7 11. axb5 axb5 12. Qe2 c4 13. b3 ({
In der hochinteressanten Partie Naiditsch-Acs, Budapest, 1998, folgte} 13. Ne3
Nh6 14. b3 O-O 15. bxc4 Bxe4 16. d4 exd4 17. Nxd4 Qg6 18. Ng4 Nxg4 19. Qxe4 {
Schwarz gewann die Partie nach 98 Zügen, nachdem er das Endspiel L+S  gegen
den König am Brett gelöst hatte.}) 13... Qd3 14. Ra7 Rb8 15. Nxe5 Qxe2 16. Rxe2
cxb3 17. Nd4 Bc5 18. Ra5 Bb6 19. Ra3 Nf6 20. Rxb3 O-O 21. d3 $146 {Diagramm. Di
ese Neuerung hatte ich zwar in  meinen Analysen berücksichtigt, aber für nicht
stärker#eingeschätzt als die Fortsetzung aus der Partie Trippe gegen Klapp.
Dies zeigte sich schon nach wenigen Zügen als folgenschwere Fehleinschätzung} (
21. Ndc6 Rbe8 22. Ba3 Ra8 23. d4 Nxe4 24. Rxe4 Rfe8 25. Re3 f6 26. Bb2 fxe5 27.
Nxe5 Ra5 28. c4 Rd8 29. Rxb5 Rxb5 30. cxb5 Rd5 31. Rb3 Bxd4 32. Bxd4 Rxd4 33.
f3 Rd5 34. Nd3 Bc8 35. Nf4 Rf5 36. Ne2 Rd5 37. Kf2 Bd7 38. b6 cxb6 39. Rxb6 Kf7
40. h4 Rh5 41. Rb7 Ke8 42. g3 g5 43. hxg5 Rxg5 44. Nc3 Rg6 45. Ne4 h6 46. Ra7
Bf5 47. Nc3 Rd6 48. g4 Bg6 49. Nb5 Rd7 50. Ra6 Bd3 51. Rb6 Ke7 52. Ke3 Bxb5 53.
Rxb5 Kf6 54. f4 Re7+ 55. Kf3 Re1 56. Rb6+ {
1/2-1/2 Trippe,J-Klapp,H/BdF 2005 (56)}) 21... Rfe8 22. Nec6 Ra8 23. Rb1 Nd7
24. Be3 Nc5 25. Rd2 Na4 26. Rc2 f5 $1 {Diagramm. Die letzten 5 Züge hatte ich
relativ sorglos gemacht, doch nach 26. Tc2  begann ich um die Partie zu
fürchten und schickte einen Notruf an meine Mannschaftskollegen. Von Jürgen
Bücker kam prompt die Antwort: " Sieh dir doch mal 26....f5 an!" Diesen Zug
hatte ich in meinen Analysen merkwürdigerweise überhaupt nicht berücksichtigt.
Also vertiefte ich mich in dieses Abspiel und es fand ein reger Gedanken- und
Variantenaustausch statt.  Nach langer Debatte kamen wir alle zu dem Schluss,
dass dieser Zug die Rettung der Partie sein musste. Interessant ist, dass die
Partie Dr. Kribben - Windhorst gleichzeitig    bis hier verlief. Windhorst
entschied sich für} (26... Nc5 {mit  Hergabe einer Figur} 27. Nb4 Nxd3 28. Nxd3
Bxe4 29. Rd2 b4 30. Ne2 Bg6 31. Kf1 bxc3 32. Nxc3 Ra3 33. Rc1 Ba5 34. Bd4 h5
35. h3 Kh7 36. Nc5 Rd8 37. Ke2 Bb4 38. g4 Raa8 39. f4) 27. exf5 Bxc6 28. Nxc6
Bxe3 29. fxe3 Rxe3 30. Rxb5 Rxd3 31. Ra2 {Hier hatte ich eher 31. c4 erwartet.}
Rxc3 32. Ne5 h6 33. g4 Rd8 $1 {Diagramm # Die Schachprogramme springen hier im
Quadrat und erkennen erst sehr spät, dass der Figurengewinn keinen Sieg
verspricht.  Die Einigung auf ein Remis ist nur noch eine Frage der Zeit.} 34.
Ra5 Nb6 35. Kf2 g5 36. R5a3 Rc5 37. Nf3 Nd5 38. h3 Kg7 39. Ra5 Rxa5 40. Rxa5
Nf4 41. Kg3 Ne2+ 42. Kh2 Rd3 43. Ne5 Re3 44. Nc4 Rc3 45. Rc5 Nf4 46. Rxc7+ Kg8
47. Rc8+ Kg7 48. Rc6 Rc2+ 49. Kg1 Nxh3+ 50. Kf1 Rf2+ {In dieser Partie, die
schon so gut wie gekippt war, konnte die drohende Niederlage   gerade noch
abgewendet werden durch die exzellente Zusammenarbeit des Teams  und so bin
ich auch nach vier Spielzeiten in der Bundesliga noch ungeschlagen mit 11
Siegen aus 32 Partien.  Dass 26...f5! der Dreh-und Angelpunkt der Partie war,
bestätigte sich durch die Stellungnahme meines Partners nach Beendigung der
Partie:"... habe ich gar nicht mehr genau präsent, wo ich den Vorteil (sofern
ich denn einen hatte...) eingebüßt habe. Auf jeden Fall war 26... f5
bärenstark und ich hätte sicherlich vorher anders gespielt, wenn ich das
gesehen hätte. Nach 20 Zügen, so sagt zumindest mein Schachgefühl, müsste die
Stellung eigentlich sehr gut für Weiß sein..."} 1/2-1/2

[Event "LE-1/4  OS-Rostock"]
[Site "?"]
[Date "2004.02.??"]
[Round "?"]
[White "Bücker, Jürgen"]
[Black "Schwetlick, Thomas"]
[Result "1-0"]
[WhiteElo "2341"]
[BlackElo "2148"]
[PlyCount "81"]

1. e4 e5 2. Nf3 Nc6 3. Bb5 a6 4. Ba4 Nf6 5. O-O Be7 6. Re1 b5 7. Bb3 O-O 8. c3
d5 9. exd5 Nxd5 10. Nxe5 Nxe5 11. Rxe5 c6 12. d4 Bd6 13. Re1 Qh4 14. g3 Qh3 15.
Be3 (15. Qf3 {geschah in der gleichzeitig laufenden Partie Zapf-Schwetlick,
die Remis endete. 15. Le3 ist sicherlich nachhaltiger}) 15... Bg4 16. Qd3 Rae8
17. Nd2 Re6 18. a4 {Das ist die eindeutig stärkste Fortsezung. Weiß offnet die
a-Linie und kann die schwarzen Bauern von der Seite angreifen.} f5 19. axb5
axb5 20. Qf1 Qh5 21. f4 g5 22. Qg2 $1 $146 {
In mehren Partien geschah 22. axb5 und auch 11. Lxd5 mit wechselndem Erfolg.}
Rfe8 23. Bf2 $1 $18 gxf4 24. Rxe6 Rxe6 25. Bxd5 cxd5 26. Qxd5 Qf7 27. Qxb5 fxg3
28. hxg3 f4 29. Ra8+ Kg7 30. Qg5+ Rg6 31. Qd8 Be2 32. d5 Qxd5 33. Ra7+ Kh6 34.
Qd7 Rxg3+ 35. Bxg3 Bc5+ 36. Bf2 Qg5+ 37. Kh2 Qh5+ 38. Qh3 Qxh3+ 39. Kxh3 Bxf2
40. Rd7 Be3 41. Kg2 1-0

[Event "2.BL LC-22/2"]
[Site "?"]
[Date "1999.10.30"]
[Round "?"]
[White "Eger, Axel   "]
[Black "Bücker, Jürgen  "]
[Result "0-1"]
[WhiteElo "2298"]
[BlackElo "2302"]
[PlyCount "78"]
[EventDate "1999.??.??"]

1. d4 Nf6 2. c4 g6 3. Nc3 d5 4. cxd5 Nxd5 5. Bd2 Bg7 {
5...Sb6 gilt als die stärkste Fortsetzung.} 6. e4 Nb6 7. Be3 O-O 8. Be2 Nc6 9.
Nf3 Bg4 10. d5 Bxf3 11. gxf3 Na5 12. Bd4 e5 13. Bc5 Re8 14. b3 c6 15. b4 $6
$146 (15. dxc6 Nxc6 16. Qxd8 Rexd8 17. Nb5 Bf8 18. Be3 Bb4+ 19. Kf1 Nd4 20. Rc1
Nxb5 21. Bxb5 Bd2 22. Bxb6 Bxc1 23. Bxd8 Rxd8 24. Kg2 Ba3 25. Re1 Rd2 26. Re2
Rxe2 27. Bxe2 Kg7 28. Kg3 Kf6 29. Bc4 Bc1 {
1/1-1/2, Bohm, H - Razuvaev, Y., Amsterdam 1975}) 15... Nd7 16. Be3 cxd5 17.
exd5 (17. bxa5 $5 d4 18. Bb5 Qxa5 19. Bxd7 Red8 20. O-O dxe3 $19) 17... e4 $1
18. Nxe4 f5 $1 {Natürlich gibt Schwarz nicht seinen Lg7 her, was zwar die
Qualität gewinnt, aber die schwarze Stellung anfällig macht. Mit dem Textzug
spielt Schwarz auf Königsangriff.} 19. Bg5 Qb8 20. Nd2 h6 21. Be3 (21. Bxh6 $6
Bxh6 22. bxa5 Qe5 $19) 21... f4 22. Rc1 {
22. Tb1 kommt in Frage mit ähnlicher Fortsetzung wie in der Partie} fxe3 23.
fxe3 Rxe3 24. bxa5 Qf4 25. Nc4 $2 (25. Rc4 Bd4 26. Nf1 Bc3+ 27. Kf2 Rxf3+ 28.
Kg2 Rf2+ 29. Kg1 Rxf1+ 30. Bxf1 Qe3+ 31. Kg2 Ne5 $19) 25... Qxf3 26. Nxe3 (26.
Rg1 Bc3+ 27. Rxc3 Rxe2+ 28. Qxe2 Qxc3+ {
ist ebenfalls hoffnungslos für Weiß wegen der offenen Königsstellung.}) 26...
Qxh1+ 27. Nf1 Ne5 $1 28. Qb3 (28. d6 Re8 29. Qb3+ (29. Kf2 Rf8+ 30. Ke1 Qg2 $19
) 29... Kh7 30. Rc3 Ng4 $19) 28... Rf8 29. Rc3 $2 Qg2 30. Re3 h5 {Schwarz nimmt
sich Zeit, um notfalls auch noch den schwarzfeldrigen Läufer über h6 in den
Angriff einzuschalten.} 31. d6+ Kh7 32. Qe6 Ng4 33. Rd3 Qf2+ (33... Rxf1+ 34.
Bxf1 Qf2+ 35. Kd1 Qxf1+ {
gewinnt ebenfalls schon, ist aber nicht so elegant wie die Textfortsetzung.})
34. Kd1 Qc5 35. Rf3 $8 Nf2+ 36. Rxf2 $8 Rxf2 37. d7 {Nur dieser vorgerückte
Freibauer könnte Weiß noch Chancen verschaffen, doch Schwarz holt ihn ganz
einfach ab.} Qd4+ 38. Ke1 Rf6 39. Qe7 Rd6 $19 0-1